[Event "Rated Blitz game"]
[Site "?"]
[Date "2021.04.16"]
[Round "?"]
[White "Rile-Man"]
[Black "Slimslik02"]
[Result "0-1"]
[WhiteElo "2479"]
[BlackElo "2350"]
[PlyCount "70"]
[EventDate "2021.??.??"]
[EventType "blitz"]

1. e4 e5 2. Nf3 d5 3. Nc3 d4 4. Ne2 Bd6 5. Ng3 Nf6 6. Bc4 a5 7. O-O Bd7 8. a4
O-O 9. c3 c5 10. d3 Nc6 11. h3 Ne7 12. Nh4 Re8 13. Nhf5 Nxf5 14. Nxf5 Bxf5 15.
exf5 e4 16. Qb3 Qc7 17. Bg5 Be5 18. cxd4 Bxd4 19. Bxf6 Bxf6 20. dxe4 Rxe4 21.
Bd5 Rb4 22. Qf3 Rxb2 23. Rac1 Rd8 24. Rfd1 Rb4 25. g3 Rd4 26. Kg2 R8xd5 27. Re1
Rd8 28. Qe2 Qc6+ 29. Kg1 h6 30. g4 Qxa4 31. Rxc5 Qa3 32. Rc7 Qxh3 33. f3 Rd2
34. Qf1 Bd4+ 35. Re3 Bxe3+ {Normal} 0-1

[Event "Rated Blitz game"]
[Site "?"]
[Date "2021.04.16"]
[Round "?"]
[White "el_principillo"]
[Black "Slimslik02"]
[Result "1-0"]
[WhiteElo "2471"]
[BlackElo "2354"]
[PlyCount "105"]
[EventDate "2021.??.??"]
[EventType "blitz"]

1. e4 e5 2. Nf3 d5 3. Nxe5 Bd6 4. d4 dxe4 5. Nc4 Nf6 6. Be2 Nc6 7. Bg5 h6 8.
Bh4 Bf5 9. c3 Qe7 10. Nxd6+ Qxd6 11. Nd2 Qe6 12. Bc4 Qd6 13. Qb3 O-O 14. Bg3
Qe7 15. Qxb7 e3 16. O-O Na5 17. Qb5 Bh7 18. Qxa5 exd2 19. Rad1 Ne4 20. Bd5 Rab8
21. Bxe4 Qxe4 22. Rxd2 Bg6 23. Qxc7 Rbc8 24. Qf4 Qb7 25. h3 Qa6 26. a3 Rfe8 27.
Rfd1 Re4 28. Qf3 Rce8 29. d5 R4e7 30. Kh2 Be4 31. Qf4 Rd7 32. d6 Bg6 33. f3
Red8 34. c4 Qb6 35. b4 a5 36. c5 Qc6 37. Qd4 axb4 38. axb4 Bf5 39. Qc4 Be6 40.
Qe2 Qb7 41. Bf2 Qc6 42. Rb2 Qb5 43. Qxb5 Rxd6 44. Rxd6 Rxd6 45. cxd6 Kh7 46.
Rb1 g6 47. Re1 Kg7 48. Rxe6 fxe6 49. Bd4+ e5 50. Bxe5+ Kf7 51. Qd7+ Kf8 52.
Qe7+ Kg8 53. Qg7# {Normal} 1-0

[Event "Rated Blitz game"]
[Site "?"]
[Date "2021.04.16"]
[Round "?"]
[White "Plmlgs99"]
[Black "Jomajo"]
[Result "0-1"]
[WhiteElo "2508"]
[BlackElo "2613"]
[PlyCount "34"]
[EventDate "2021.??.??"]
[EventType "blitz"]

1. e4 e5 2. Nf3 d5 3. d3 dxe4 4. dxe4 Qxd1+ 5. Kxd1 Bg4 6. Nbd2 Nd7 7. Bd3 f6
8. h3 Bh5 9. c3 O-O-O 10. Kc2 Ne7 11. g4 Bf7 12. Bc4 Bxc4 13. Nxc4 Nc5 14. Re1
Nd3 15. Re2 Ng6 16. Be3 Ngf4 17. Bxf4 Nxf4 {Normal} 0-1

[Event "Rated Blitz game"]
[Site "?"]
[Date "2021.04.16"]
[Round "?"]
[White "GeMainer_Zug"]
[Black "DarthZannah"]
[Result "0-1"]
[WhiteElo "2277"]
[BlackElo "2482"]
[PlyCount "38"]
[EventDate "2021.??.??"]
[EventType "blitz"]

1. e4 e5 2. Nf3 d5 3. Nxe5 dxe4 4. d4 Nd7 5. Nxd7 Bxd7 6. Be2 Bd6 7. c4 c6 8.
Nc3 f5 9. c5 Bc7 10. d5 cxd5 11. Qxd5 Nf6 12. Qxb7 O-O 13. Bg5 Rb8 14. Qxa7
Rxb2 15. Bc4+ Kh8 16. O-O Bxh2+ 17. Kh1 Be5 18. Nd5 Qe8 19. Rad1 Qh5+ {Normal}
0-1

[Event "Rated Blitz game"]
[Site "?"]
[Date "2021.04.16"]
[Round "?"]
[White "Naruito64"]
[Black "GrandeGila"]
[Result "1-0"]
[WhiteElo "2421"]
[BlackElo "2487"]
[PlyCount "135"]
[EventDate "2021.??.??"]
[EventType "blitz"]

1. e4 e5 2. Nf3 d5 3. Nc3 dxe4 4. Nxe5 f5 5. Qh5+ g6 6. Nxg6 Nf6 7. Qh4 hxg6 8.
Qxh8 Be6 9. d3 Qe7 10. Bg5 Nbd7 11. dxe4 fxe4 12. O-O-O O-O-O 13. Nxe4 Bg7 14.
Bxf6 Bxf6 15. Qh6 Bxa2 16. Nxf6 Qxf6 17. Qe3 Rf8 18. Qxa7 Be6 19. f3 Qf4+ 20.
Kb1 Nb6 21. Bd3 Qg5 22. Rhe1 Bd5 23. Be4 Bc6 24. Bxc6 bxc6 25. g4 Nd5 26. c4
Nb6 27. Re2 Rd8 28. Rxd8+ Qxd8 29. Kc1 Qd4 30. Qa2 Nxc4 31. Qb3 Nb6 32. Qe3
Qc4+ 33. Kb1 Kb7 34. h4 Nd5 35. Qe4 Qb3 36. Rc2 Qb5 37. h5 gxh5 38. gxh5 Qf1+
39. Rc1 Qh3 40. Qg4 Qh2 41. Qg6 Nb4 42. Qe4 Nd5 43. Qc4 Qxh5 44. Qxc6+ Kc8 45.
Qa8+ Kd7 46. Rd1 c6 47. Qb7+ Kd6 48. Qb8+ Kc5 49. Rc1+ Kd4 50. Rxc6 Qf5+ 51.
Ka2 Nb4+ 52. Qxb4+ Ke3 53. Rc3+ Kf2 54. Qd4+ Kg3 55. Qg4+ Qxg4 56. fxg4+ Kxg4
57. b4 Kf4 58. b5 Ke4 59. b6 Kd4 60. Rc1 Kd3 61. b7 Kd2 62. Rc7 Kd3 63. b8=Q
Kd4 64. Qd8+ Ke5 65. Re7+ Kf6 66. Qf8+ Kg6 67. Rg7+ Kh6 68. Qh8# {Normal} 1-0

[Event "Rated Blitz game"]
[Site "?"]
[Date "2021.04.16"]
[Round "?"]
[White "sina_iran"]
[Black "KamranShirazi"]
[Result "1-0"]
[WhiteElo "2589"]
[BlackElo "2554"]
[PlyCount "95"]
[EventDate "2021.??.??"]
[EventType "blitz"]

1. e4 e5 2. Nf3 d5 3. Qe2 dxe4 4. Qxe4 Nf6 5. Qxe5+ Be6 6. Ng5 Bd6 7. Nxe6 fxe6
8. Qxe6+ Kf8 9. Bc4 Qd7 10. Qxd7 Nbxd7 11. O-O Ne5 12. Bb3 c5 13. Nc3 a5 14. a4
c4 15. Ba2 Bb4 16. f4 Neg4 17. Bxc4 Bc5+ 18. Kh1 Nf2+ 19. Rxf2 Bxf2 20. g3 Re8
21. Kg2 Bd4 22. b3 Re1 23. Ba3+ Re7 24. Re1 Ng8 25. Bxg8 Bf6 26. Bxe7+ Bxe7 27.
Bc4 g5 28. f5 Bb4 29. f6 h5 30. f7 Kg7 31. Re8 Bf8 32. Ne4 Rh6 33. Nxg5 Rd6 34.
Ne6+ Kxf7 35. Rxf8+ Ke7 36. Rf2 b5 37. axb5 a4 38. bxa4 h4 39. gxh4 Rd7 40. h5
Ra7 41. h6 Ra8 42. b6 Rh8 43. b7 Rxh6 44. b8=Q Rg6+ 45. Kh1 Rg8 46. Qxg8 Kd6
47. Qd8+ Ke5 48. Qd4# {Normal} 1-0

[Event "Rated Blitz game"]
[Site "?"]
[Date "2021.04.16"]
[Round "?"]
[White "Buscapina"]
[Black "KamranShirazi"]
[Result "0-1"]
[WhiteElo "2507"]
[BlackElo "2543"]
[PlyCount "42"]
[EventDate "2021.??.??"]
[EventType "blitz"]

1. e4 e5 2. Nf3 d5 3. exd5 e4 4. Qe2 Nf6 5. d3 Bb4+ 6. c3 O-O 7. dxe4 Re8 8.
Bg5 Bc5 9. Bxf6 Qxf6 10. Nbd2 c6 11. dxc6 Nxc6 12. O-O-O Bg4 13. h3 Bh5 14. Qc4
Bxf2 15. Qa4 Be3 16. Bb5 Bxf3 17. Rhf1 Bxd1 18. Qxd1 Qg5 19. Rf5 Bxd2+ 20. Qxd2
Qxd2+ 21. Kxd2 Rxe4 {Normal} 0-1

[Event "Rated Blitz game"]
[Site "?"]
[Date "2021.04.16"]
[Round "?"]
[White "mrchess2013"]
[Black "KamranShirazi"]
[Result "1-0"]
[WhiteElo "2498"]
[BlackElo "2562"]
[PlyCount "85"]
[EventDate "2021.??.??"]
[EventType "blitz"]

1. e4 e5 2. Nf3 d5 3. d3 dxe4 4. dxe4 Qxd1+ 5. Kxd1 Nc6 6. c3 Bg4 7. Be2 O-O-O+
8. Nfd2 Be6 9. Kc2 f5 10. f3 Nf6 11. Bd3 f4 12. Bc4 Bd7 13. b4 g5 14. a4 g4 15.
Nb3 gxf3 16. gxf3 Bh3 17. Rg1 Kd7 18. b5 Ne7 19. Nc5+ Kc8 20. Be6+ Bxe6 21.
Nxe6 Rd6 22. Nxf8 Rxf8 23. Ba3 Rd7 24. Bxe7 Rxe7 25. Nd2 Ne8 26. Nc4 Nd6 27.
Nxd6+ cxd6 28. Rad1 Kd7 29. Rg5 Rc8 30. Kb3 Rc5 31. c4 a5 32. Rh5 Kc7 33. Rg1
Kb8 34. Rg8+ Ka7 35. Rh6 Rd7 36. h4 b6 37. Rh8 Rdc7 38. R8xh7 Rxc4 39. Rxc7+
Rxc7 40. h5 Rg7 41. Rg6 Rf7 42. h6 d5 43. Rg7 {Normal} 1-0

[Event "Rated Blitz tournament gzNHRUn3"]
[Site "?"]
[Date "2021.04.16"]
[Round "?"]
[White "Dobby2011"]
[Black "dr_xStranger"]
[Result "1/2-1/2"]
[WhiteElo "2570"]
[BlackElo "2524"]
[PlyCount "107"]
[EventDate "2021.??.??"]
[EventType "blitz"]

1. e4 e5 2. Nf3 d5 3. exd5 e4 4. Qe2 Nf6 5. d3 Bb4+ 6. Bd2 O-O 7. dxe4 Re8 8.
e5 Nxd5 9. Bxb4 Nxb4 10. c3 N4c6 11. Nbd2 Bg4 12. O-O-O Nxe5 13. Nc4 Ned7 14.
Qd3 Nc6 15. Be2 Nc5 16. Qxd8 Raxd8 17. Rxd8 Rxd8 18. Rd1 Re8 19. Ne3 Be6 20.
Nd4 Nxd4 21. cxd4 Ne4 22. d5 Bd7 23. f3 Nf2 24. Rf1 Nh3 25. Kd2 Nf4 26. Bc4 b5
27. Bb3 a5 28. g3 Ng6 29. f4 a4 30. Bc2 Ne7 31. Rc1 c6 32. dxc6 Nxc6 33. Bd3
Nb4 34. Rc7 Rd8 35. a3 Nxd3 36. Kxd3 Bf5+ 37. Ke2 Bd3+ 38. Ke1 Kf8 39. h3 g6
40. g4 Re8 41. Kd2 Rd8 42. Kc3 Be2 43. Kc2 Bd3+ 44. Kc3 Be2 45. Kc2 h5 46. g5
Bd3+ 47. Kc1 Re8 48. Kd2 Rd8 49. Kc3 Be2 50. Kc2 Bd3+ 51. Kc1 Re8 52. Kd2 Rd8
53. Kc3 Be2 54. Kc2 {Normal} 1/2-1/2

[Event "Rated Blitz game"]
[Site "?"]
[Date "2021.04.16"]
[Round "?"]
[White "Plmlgs99"]
[Black "Jomajo"]
[Result "1/2-1/2"]
[WhiteElo "2510"]
[BlackElo "2610"]
[PlyCount "91"]
[EventDate "2021.??.??"]
[EventType "blitz"]

1. e4 e5 2. Nf3 d5 3. d3 dxe4 4. dxe4 Qxd1+ 5. Kxd1 Bg4 6. Nbd2 Nd7 7. c3 O-O-O
8. Kc2 Bc5 9. Ng5 Bh5 10. Bc4 Rf8 11. f3 h6 12. Nh3 f6 13. b4 Bd6 14. a4 Bf7
15. Bxf7 Rxf7 16. a5 Ne7 17. Nc4 Nf8 18. Rd1 Kd7 19. b5 Nc8 20. b6 Kc6 21. bxa7
Nxa7 22. Be3 Nb5 23. a6 Ne6 24. axb7 Kxb7 25. Ra5 Kc6 26. Rb1 Rb8 27. Ra6+ Kd7
28. Nf2 Rff8 29. Nd3 Be7 30. Ra5 Nd6 31. Nxd6 Bxd6 32. c4 Rxb1 33. Kxb1 Rb8+
34. Kc2 Bf8 35. c5 Kc6 36. Ra6+ Kd7 37. c6+ Kd6 38. Bc1 Nd4+ 39. Kc3 Nxc6 40.
Ba3+ Kd7 41. Bxf8 Rxf8 42. Nc5+ Kd6 43. Nb7+ Kd7 44. Nc5+ Kd6 45. Nb7+ Kd7 46.
Nc5+ {Normal} 1/2-1/2

[Event "Rated Blitz game"]
[Site "?"]
[Date "2021.04.16"]
[Round "?"]
[White "Albator"]
[Black "anjaya01"]
[Result "0-1"]
[WhiteElo "2369"]
[BlackElo "2448"]
[PlyCount "30"]
[EventDate "2021.??.??"]
[EventType "blitz"]

1. e4 e5 2. Nf3 d5 3. exd5 Bd6 4. d4 e4 5. Ne5 Nd7 6. Nxd7 Bxd7 7. c4 c5 8. Nc3
f5 9. dxc5 Bxc5 10. Bf4 Nf6 11. h3 O-O 12. Be2 Qb6 13. O-O Qxb2 14. Na4 Bxa4
15. Qxa4 Qxe2 {Normal} 0-1

[Event "Rated Blitz game"]
[Site "?"]
[Date "2021.04.16"]
[Round "?"]
[White "Fakhriev"]
[Black "CristianS27"]
[Result "1-0"]
[WhiteElo "2315"]
[BlackElo "2409"]
[PlyCount "47"]
[EventDate "2021.??.??"]
[EventType "blitz"]

1. e4 e5 2. Nf3 d5 3. Nxe5 dxe4 4. d4 Nd7 5. Nxd7 Bxd7 6. Be2 Bd6 7. O-O Qh4 8.
g3 Qh3 9. Re1 Nf6 10. Bf1 Qf5 11. c4 c6 12. Nc3 O-O-O 13. Bg2 Rde8 14. Qa4 Kb8
15. Be3 h5 16. d5 c5 17. Qa5 b6 18. Qa6 h4 19. b4 hxg3 20. hxg3 cxb4 21. Bxb6
axb6 22. Qxb6+ Kc8 23. Qxd6 bxc3 24. Rab1 {Normal} 1-0

[Event "Rated Blitz game"]
[Site "?"]
[Date "2021.04.16"]
[Round "?"]
[White "Buscapina"]
[Black "KamranShirazi"]
[Result "0-1"]
[WhiteElo "2518"]
[BlackElo "2532"]
[PlyCount "70"]
[EventDate "2021.??.??"]
[EventType "blitz"]

1. e4 e5 2. Nf3 d5 3. exd5 e4 4. Qe2 Nf6 5. d3 Bb4+ 6. c3 O-O 7. dxe4 Bc5 8.
Bg5 h6 9. Bxf6 Qxf6 10. Nbd2 c6 11. dxc6 Nxc6 12. O-O-O Bg4 13. h3 Bh5 14. g4
Bg6 15. Qc4 Bxf2 16. Be2 Be3 17. Rhf1 Rad8 18. Nd4 Qh4 19. Nf5 Bxf5 20. Rxf5
Qxh3 21. Rf3 Bxd2+ 22. Rxd2 Qg2 23. Rxd8 Nxd8 24. Bd1 Qxg4 25. Rf5 Qg3 26. Qd5
Ne6 27. Qxb7 Qe3+ 28. Kb1 Nc5 29. Qd5 Nd3 30. Kc2 Nb4+ 31. cxb4 Rc8+ 32. Qc5
Qxe4+ 33. Kb3 Rxc5 34. Rxc5 Qd3+ 35. Rc3 Qxd1+ {Normal} 0-1

[Event "Rated Blitz game"]
[Site "?"]
[Date "2021.04.16"]
[Round "?"]
[White "sewin16"]
[Black "KamranShirazi"]
[Result "0-1"]
[WhiteElo "2455"]
[BlackElo "2527"]
[PlyCount "44"]
[EventDate "2021.??.??"]
[EventType "blitz"]

1. e4 e5 2. Nf3 d5 3. exd5 e4 4. Qe2 Nf6 5. d3 Bb4+ 6. Bd2 O-O 7. dxe4 Re8 8.
c3 Rxe4 9. Be3 Bc5 10. Nbd2 Re8 11. O-O-O Bxe3 12. fxe3 Qxd5 13. Nc4 Qe6 14.
Nd4 Qa6 15. Na3 Qxe2 16. Bxe2 Rxe3 17. Bf3 c6 18. Rhe1 Rxe1 19. Rxe1 Kf8 20.
Nc4 Nbd7 21. Nd6 Nc5 22. b4 Nd3+ {Normal} 0-1

[Event "Rated Blitz game"]
[Site "?"]
[Date "2021.04.16"]
[Round "?"]
[White "Buscapina"]
[Black "KamranShirazi"]
[Result "0-1"]
[WhiteElo "2523"]
[BlackElo "2527"]
[PlyCount "74"]
[EventDate "2021.??.??"]
[EventType "blitz"]

1. e4 e5 2. Nf3 d5 3. exd5 e4 4. Qe2 Nf6 5. d3 Bb4+ 6. c3 O-O 7. dxe4 Bc5 8.
Bg5 Re8 9. Nbd2 c6 10. dxc6 Nxc6 11. O-O-O h6 12. Nb3 Bd6 13. Bxf6 Qxf6 14. Qc2
Bf4+ 15. Kb1 Rxe4 16. Bd3 Re8 17. h3 Be6 18. Rhe1 Rac8 19. Re4 Bd6 20. Rde1 Nb4
21. Qd1 Nxd3 22. Qxd3 Red8 23. Nfd4 Bd5 24. R4e2 Bxg2 25. Rg1 Bd5 26. Qf5 Qxf5+
27. Nxf5 Bf8 28. Nxh6+ Kh7 29. Nf5 Bc4 30. Re5 f6 31. Ra5 b6 32. Rxa7 Bd3+ 33.
Kc1 Bxf5 34. Rg3 b5 35. Rb7 b4 36. h4 bxc3 37. bxc3 Ba3# {Normal} 0-1

[Event "Rated Blitz game"]
[Site "?"]
[Date "2021.04.16"]
[Round "?"]
[White "sina_iran"]
[Black "KamranShirazi"]
[Result "1-0"]
[WhiteElo "2593"]
[BlackElo "2551"]
[PlyCount "83"]
[EventDate "2021.??.??"]
[EventType "blitz"]

1. e4 e5 2. Nf3 d5 3. Qe2 dxe4 4. Qxe4 Nf6 5. Qxe5+ Be7 6. Bc4 Nc6 7. Qg3 O-O
8. O-O Ne4 9. Qf4 Nd6 10. Bb3 a5 11. a4 Nb4 12. Nc3 c5 13. d3 Kh8 14. Be3 b6
15. Rae1 f5 16. Ne5 Bf6 17. Qg3 g5 18. f4 g4 19. Qf2 Bb7 20. d4 c4 21. Nxc4
Nxc4 22. Bxc4 Rc8 23. Bb3 Qd6 24. d5 Kg7 25. Bd4 Bxd4 26. Qxd4+ Qf6 27. Re7+
Rf7 28. Rxf7+ Kxf7 29. d6+ Kg6 30. Qxb6 Bxg2 31. Kxg2 Rc6 32. Qb8 Rxd6 33. Re1
Rd2+ 34. Kg3 h5 35. h4 Rd6 36. Re8 Nc6 37. Rg8+ Kh7 38. Rh8+ Qxh8 39. Qxd6 Qe8
40. Qd2 Kg6 41. Nb5 Nb4 42. Nd6 {Time forfeit} 1-0

[Event "Rated Blitz game"]
[Site "?"]
[Date "2021.04.16"]
[Round "?"]
[White "sina_iran"]
[Black "KamranShirazi"]
[Result "1-0"]
[WhiteElo "2578"]
[BlackElo "2565"]
[PlyCount "53"]
[EventDate "2021.??.??"]
[EventType "blitz"]

1. e4 e5 2. Nf3 d5 3. Qe2 dxe4 4. Qxe4 Nd7 5. Bc4 Ngf6 6. Qe2 Bd6 7. Nc3 O-O 8.
d3 h6 9. Be3 Re8 10. O-O-O c6 11. h3 b5 12. Bb3 a5 13. Ne4 Bf8 14. a3 a4 15.
Ba2 b4 16. axb4 Bxb4 17. g4 a3 18. b3 Nxe4 19. dxe4 Qa5 20. g5 h5 21. g6 Nf6
22. gxf7+ Kxf7 23. Ng5+ Kg6 24. Rhg1 Ba6 25. Qf3 Bf8 26. Qf5+ Kh6 27. Nf7# {
Normal} 1-0

[Event "Rated Blitz game"]
[Site "?"]
[Date "2021.04.16"]
[Round "?"]
[White "monomunu"]
[Black "RJF72"]
[Result "1-0"]
[WhiteElo "2412"]
[BlackElo "2238"]
[PlyCount "97"]
[EventDate "2021.??.??"]
[EventType "blitz"]

1. e4 e5 2. Nf3 d5 3. Nxe5 Bd6 4. d4 dxe4 5. Bc4 Bxe5 6. dxe5 Qxd1+ 7. Kxd1 Nc6
8. Bf4 Nge7 9. e6 Bxe6 10. Bxe6 fxe6 11. Bxc7 Nd5 12. Bg3 O-O-O 13. Ke2 Nd4+
14. Kd1 e5 15. Nd2 Nf4 16. c3 Nde2 17. Bxf4 Nxf4 18. Kc2 Nxg2 19. Rhg1 e3 20.
Ne4 Nf4 21. fxe3 Nd5 22. Rae1 g6 23. a3 Rhf8 24. c4 Nf6 25. Nxf6 Rxf6 26. Rgf1
Rdf8 27. Rxf6 Rxf6 28. Re2 Kd7 29. Kd3 Ke6 30. Ke4 Rf1 31. c5 a5 32. Rd2 Rb1
33. Rd6+ Ke7 34. Rb6 Rc1 35. Rxb7+ Ke6 36. Rb6+ Ke7 37. b4 axb4 38. axb4 Rc3
39. Rb7+ Ke6 40. Rb6+ Ke7 41. Kxe5 Rxe3+ 42. Kd4 Re2 43. Rb7+ Ke6 44. Rxh7 Rb2
45. Kc4 Rc2+ 46. Kb5 Kd5 47. Rd7+ Ke6 48. Rd6+ Kf5 49. c6 {Normal} 1-0

[Event "Rated Blitz game"]
[Site "?"]
[Date "2021.04.16"]
[Round "?"]
[White "sina_iran"]
[Black "KamranShirazi"]
[Result "1-0"]
[WhiteElo "2578"]
[BlackElo "2564"]
[PlyCount "95"]
[EventDate "2021.??.??"]
[EventType "blitz"]

1. e4 e5 2. Nf3 d5 3. Qe2 dxe4 4. Qxe4 Nd7 5. Bc4 Ngf6 6. Qe2 Bd6 7. d4 O-O 8.
dxe5 Nxe5 9. Nxe5 Bxe5 10. O-O Re8 11. Qf3 Bg4 12. Qb3 Bh5 13. h3 Rb8 14. Nc3
b5 15. Bd3 c5 16. Bxb5 a6 17. Bxe8 Rxb3 18. Bxf7+ Bxf7 19. axb3 Bg6 20. Rxa6
Bxc2 21. Be3 Bd4 22. Rfa1 Qd7 23. Ra8+ Ne8 24. R1a7 Qe6 25. Nd5 Bxe3 26. fxe3
Bg6 27. Ne7+ Kf8 28. Nxg6+ hxg6 29. Rb7 Qxe3+ 30. Kh1 Qe1+ 31. Kh2 Qe5+ 32. Kh1
Qe1+ 33. Kh2 Qe4 34. Rbb8 Kf7 35. Rxe8 Qxe8 36. Rxe8 Kxe8 37. Kg3 Kf7 38. Kf4
Ke6 39. Ke4 Kd6 40. h4 Ke6 41. Kd3 Kd5 42. Kc3 g5 43. hxg5 g6 44. b4 c4 45. b5
Kc5 46. b6 Kxb6 47. Kxc4 Kc6 48. b4 {Normal} 1-0

[Event "Rated Blitz tournament X17dcOLQ"]
[Site "?"]
[Date "2021.04.16"]
[Round "?"]
[White "L3bron_James23"]
[Black "Jordaine_Tupaz"]
[Result "1-0"]
[WhiteElo "2425"]
[BlackElo "2234"]
[PlyCount "65"]
[EventDate "2021.??.??"]
[EventType "blitz"]

1. e4 e5 2. Nf3 d5 3. exd5 e4 4. Qe2 Nf6 5. d3 Be7 6. dxe4 O-O 7. Nc3 c6 8. Bg5
cxd5 9. O-O-O Qa5 10. Bxf6 Bxf6 11. e5 Be7 12. Rxd5 Qb6 13. Qe4 Nc6 14. Bd3 g6
15. h4 Qxf2 16. h5 Qxg2 17. Rg1 Qh3 18. hxg6 hxg6 19. e6 Qh6+ 20. Kb1 Bxe6 21.
Rb5 Bf6 22. Rxb7 Rfc8 23. Nd5 Bg7 24. Ng5 Qh2 25. Rh1 Qe5 26. Qxe5 Nxe5 27.
Nxe6 fxe6 28. Ne7+ Kf8 29. Rf1+ Ke8 30. Bb5+ Kd8 31. Nxg6 Rc7 32. Rxc7 Kxc7 33.
Nf4 {Time forfeit} 1-0

[Event "Rated Blitz tournament qD8tNb1w"]
[Site "?"]
[Date "2021.04.16"]
[Round "?"]
[White "Mikasinski"]
[Black "Killerrhino"]
[Result "1/2-1/2"]
[WhiteElo "2530"]
[BlackElo "2372"]
[PlyCount "69"]
[EventDate "2021.??.??"]
[EventType "blitz"]

1. e4 e5 2. Nf3 d5 3. Nxe5 Bd6 4. d4 dxe4 5. Nc4 Nf6 6. Nc3 h6 7. Be2 Nc6 8.
O-O Nxd4 9. Nxd6+ Qxd6 10. Be3 Nxe2+ 11. Qxe2 Qe5 12. Rad1 Be6 13. Qb5+ Qxb5
14. Nxb5 O-O 15. Nxc7 Rac8 16. Nxe6 fxe6 17. c3 b6 18. Rd6 Rfe8 19. Rfd1 Nd5
20. Bd4 Re7 21. Re1 Nc7 22. Rxe4 Nb5 23. Rd5 exd5 24. Rxe7 Nxd4 25. Rxa7 Nf5
26. Rb7 Rc6 27. Kf1 d4 28. cxd4 Nxd4 29. g3 b5 30. Rd7 Rc1+ 31. Kg2 Ne6 32. Rb7
Nd4 33. Rd7 Ne6 34. Rb7 Nd4 35. Rd7 {Normal} 1/2-1/2

[Event "Rated Blitz game"]
[Site "?"]
[Date "2021.04.16"]
[Round "?"]
[White "Ocitrebor"]
[Black "Sanek1206"]
[Result "1-0"]
[WhiteElo "2304"]
[BlackElo "2406"]
[PlyCount "37"]
[EventDate "2021.??.??"]
[EventType "blitz"]

1. e4 e5 2. Nf3 d5 3. exd5 e4 4. Qe2 Qe7 5. Nd4 Nf6 6. Nc3 Bg4 7. f3 exf3 8.
Qxe7+ Bxe7 9. gxf3 Bh5 10. Bb5+ Nbd7 11. d3 O-O 12. Bf4 Bc5 13. Nb3 Rfe8+ 14.
Kd2 Bb6 15. Ne4 Nxd5 16. Bxd7 Nxf4 17. Bxe8 Rxe8 18. Rhe1 Kf8 19. Nec5 {Normal}
1-0

[Event "Rated Blitz game"]
[Site "?"]
[Date "2021.04.16"]
[Round "?"]
[White "elgranp"]
[Black "anjaya01"]
[Result "0-1"]
[WhiteElo "2451"]
[BlackElo "2436"]
[PlyCount "78"]
[EventDate "2021.??.??"]
[EventType "blitz"]

1. e4 e5 2. Nf3 d5 3. d3 Bd6 4. exd5 f5 5. Nc3 a6 6. Bg5 Nf6 7. Qd2 h6 8. Bxf6
Qxf6 9. O-O-O b5 10. Re1 O-O 11. h4 Nd7 12. h5 Nb6 13. Nh4 b4 14. Nd1 Nxd5 15.
Ng6 Re8 16. g3 Bb7 17. Bg2 a5 18. Rh4 a4 19. Kb1 a3 20. b3 Rab8 21. Bxd5+ Bxd5
22. g4 f4 23. Re4 Bxe4 24. dxe4 f3 25. Ne3 c6 26. Nf5 Rbd8 27. Qd3 Bc5 28. Qc4+
Kh7 29. Rh1 Bxf2 30. Rf1 Bb6 31. Qxb4 c5 32. Qe1 c4 33. Rxf3 Ba5 34. Qf1 cxb3
35. axb3 Qc6 36. Ne3 a2+ 37. Kxa2 Bc3 38. Kb1 Ra8 39. Nf8+ Rxf8 {Time forfeit}
0-1

[Event "Rated Blitz game"]
[Site "?"]
[Date "2021.04.16"]
[Round "?"]
[White "Garzanti"]
[Black "anjaya01"]
[Result "0-1"]
[WhiteElo "2299"]
[BlackElo "2418"]
[PlyCount "120"]
[EventDate "2021.??.??"]
[EventType "blitz"]

1. e4 e5 2. Nf3 d5 3. d4 Bd6 4. dxe5 dxe4 5. exd6 exf3 6. Qxf3 cxd6 7. Bc4 Nf6
8. Bg5 Nbd7 9. Nc3 O-O 10. O-O-O Qa5 11. h4 Ne5 12. Qf4 Nxc4 13. Qxc4 Be6 14.
Qa4 Qxa4 15. Nxa4 Ne4 16. Be3 d5 17. f3 Ng3 18. Rhe1 b6 19. Nc3 Rfd8 20. Bg5
Rd7 21. Bf4 Nh5 22. Be5 g6 23. g4 Ng7 24. Bxg7 Kxg7 25. Rd4 Rc8 26. g5 h6 27.
f4 hxg5 28. fxg5 Rc4 29. Red1 Rdc7 30. R1d2 Rxd4 31. Rxd4 a6 32. Kd2 b5 33. a3
Rc8 34. Ke3 Rh8 35. Rf4 Rc8 36. Rd4 f6 37. Kf4 Kf7 38. Ke3 fxg5 39. hxg5 Rh8
40. Rf4+ Ke7 41. Kd4 Rh5 42. Nxd5+ Bxd5 43. Kxd5 Rxg5+ 44. Kc6 Rf5 45. Re4+ Kf7
46. Kb6 Rf6+ 47. Ka5 g5 48. Rg4 Kg6 49. b3 Kh5 50. Rg1 g4 51. c4 bxc4 52. bxc4
Kh4 53. c5 g3 54. Kb4 Kh3 55. Kc4 g2 56. Kd5 Rf1 57. Rxg2 Kxg2 58. c6 Ra1 59.
c7 Rxa3 60. c8=Q Rd3+ {Time forfeit} 0-1

[Event "Rated Blitz game"]
[Site "?"]
[Date "2021.04.16"]
[Round "?"]
[White "pblv"]
[Black "Slimslik02"]
[Result "1-0"]
[WhiteElo "2763"]
[BlackElo "2331"]
[PlyCount "75"]
[EventDate "2021.??.??"]
[EventType "blitz"]

1. e4 e5 2. Nf3 d5 3. exd5 e4 4. Qe2 Nf6 5. d3 Bb4+ 6. c3 Ba5 7. dxe4 O-O 8.
Qd1 Nxe4 9. Be2 Bb6 10. O-O Bf5 11. Na3 a6 12. Nc4 Ba7 13. Be3 Bc5 14. Bxc5
Nxc5 15. Qd4 Nbd7 16. b4 Na4 17. Bd1 Nab6 18. Ne3 Bg6 19. c4 Nf6 20. Bb3 Re8
21. c5 Re4 22. Qd2 Nc8 23. Rad1 a5 24. bxa5 Ne7 25. d6 Nc6 26. Nc4 Bh5 27. dxc7
Qxc7 28. Nd6 Re7 29. Rfe1 Rxe1+ 30. Rxe1 Bxf3 31. Bxf7+ Kf8 32. gxf3 Qxa5 33.
Qxa5 Nxa5 34. Bb3 Rd8 35. Re6 Nxb3 36. axb3 Rd7 37. b4 Nd5 38. Re8# {Normal}
1-0

[Event "Rated Blitz game"]
[Site "?"]
[Date "2021.04.16"]
[Round "?"]
[White "Goi_Manne"]
[Black "anjaya01"]
[Result "0-1"]
[WhiteElo "2387"]
[BlackElo "2433"]
[PlyCount "50"]
[EventDate "2021.??.??"]
[EventType "blitz"]

1. e4 e5 2. Nf3 d5 3. exd5 Bd6 4. d4 e4 5. Nfd2 f5 6. c4 c5 7. Nb3 b6 8. dxc5
bxc5 9. Nc3 a6 10. Be3 Nd7 11. Qd2 Ngf6 12. Bf4 Qe7 13. Bxd6 Qxd6 14. Be2 O-O
15. O-O Ne5 16. h3 f4 17. f3 e3 18. Qc2 Ra7 19. Ne4 Nxe4 20. fxe4 Bxh3 21. gxh3
f3 22. Bd3 Nxd3 23. Kh1 Qg3 24. Qh2 Qxh2+ 25. Kxh2 e2 {Normal} 0-1

[Event "Rated Blitz game"]
[Site "?"]
[Date "2021.04.16"]
[Round "?"]
[White "sina_iran"]
[Black "KamranShirazi"]
[Result "1/2-1/2"]
[WhiteElo "2588"]
[BlackElo "2555"]
[PlyCount "80"]
[EventDate "2021.??.??"]
[EventType "blitz"]

1. e4 e5 2. Nf3 d5 3. Qe2 dxe4 4. Qxe4 Nd7 5. Bc4 Ngf6 6. Qe2 e4 7. Ng5 Ne5 8.
Nxe4 Nxe4 9. Qxe4 Qe7 10. O-O Nxc4 11. Qxc4 Be6 12. Qf4 O-O-O 13. Nc3 g5 14.
Qa4 Kb8 15. d3 f5 16. Be3 a6 17. Rae1 f4 18. Bd4 Rg8 19. Re4 Qf7 20. Rfe1 Bd7
21. Qa5 Bc6 22. Be5 Bxe4 23. Rxe4 f3 24. gxf3 Bd6 25. Rc4 Bxe5 26. Qxe5 Rde8
27. Qg3 h5 28. Ne4 g4 29. f4 h4 30. Qxh4 Qxf4 31. Qg3 Qc1+ 32. Kg2 Re6 33.
Qxc7+ Ka8 34. Nc5 Qxb2 35. Nxe6 Qf6 36. Qb6 Qf3+ 37. Kg1 Qd1+ 38. Kg2 Qf3+ 39.
Kg1 Qd1+ 40. Kg2 Qf3+ {Normal} 1/2-1/2

[Event "Rated Blitz tournament gzNHRUn3"]
[Site "?"]
[Date "2021.04.16"]
[Round "?"]
[White "Heisenberg01"]
[Black "dr_xStranger"]
[Result "1-0"]
[WhiteElo "2672"]
[BlackElo "2525"]
[PlyCount "87"]
[EventDate "2021.??.??"]
[EventType "blitz"]

1. e4 e5 2. Nf3 d5 3. d3 dxe4 4. dxe4 Qxd1+ 5. Kxd1 Nc6 6. c3 Bg4 7. Kc2 O-O-O
8. Nbd2 h6 9. h3 Be6 10. Bc4 Bxc4 11. Nxc4 f6 12. a4 a6 13. b4 Nge7 14. b5 Nb8
15. b6 c6 16. Ba3 Ng6 17. Bxf8 Rhxf8 18. Rhd1 Nd7 19. a5 Nc5 20. Nfd2 Nf4 21.
h4 g5 22. g3 Nfd3 23. Rf1 gxh4 24. gxh4 Rg8 25. Rg1 Nxf2 26. Nd6+ Kd7 27. Nf7
Rdf8 28. Nxh6 Rxg1 29. Rxg1 Nfxe4 30. Rg7+ Kc8 31. Nxe4 Nxe4 32. Nf5 Rh8 33.
Kd3 Nc5+ 34. Kc4 Ne4 35. Kd3 Nc5+ 36. Ke3 Rd8 37. h5 Rd3+ 38. Ke2 Rh3 39. h6
Ne6 40. Nd6+ Kd8 41. Nxb7+ Ke8 42. Nd6+ Kf8 43. Rf7+ Kg8 44. b7 {Normal} 1-0